Normal view
MARC view
- शेषाद्री हो
Entry Personal Name
001 - CONTROL NUMBER
- control field: 216733
003 - CONTROL NUMBER IDENTIFIER
- control field: OSt
005 - DATE AND TIME OF LATEST TRANSACTION
- control field: 20260213141027.0
008 - FIXED-LENGTH DATA ELEMENTS
- fixed length control field: 260213|| aca||aabn | a|a d
040 ## - CATALOGING SOURCE
- Original cataloging agency: OSt
- Transcribing agency: OSt
100 ## - HEADING--PERSONAL NAME
- Personal name: शेषाद्री हो
670 ## - SOURCE DATA FOUND
- Source citation: Work cat.: (OSt)370126: शेषाद्री हो , फाळणीची शोकांतिका विश्वसंचार , 2022